00524nam a2200157 a 450000500170000000800410001702000180005805000230007610000210009924500450012026000380016530000090020344000250021299900190023795201100025620140412111219.0110128s19uu xx 00 eng d a0-688-09350-7 aTR(PS EbWh55 1983 aStevenson, James aWhat's under my bed? /cJames Stevenson. aU. S. A :bMulberry books,c1983. aunp. aReading rainbow book c101893d101893 001040aELbELcTRd2011-01-28eLib. Fundl0oTR(PS E Wh55 1983pE1r2014-04-12 00:00:00w2014-04-12yBK